000
00322pam a2200133 a 4500
020
_c
041
_h
082
_a
301
100
_a
PARKER (S.R) / BROWN (R.K) / SMITH (M.A)
_e
author
245
_a
The Sociology of Industry
_h
Textual Document
260
_b
GEORGE GODWIN London
_c
19981
300
_a
208
930
_a
11131
999
_c
841889
_d
841889